| 000 | 00949nmc a2200313 a 4500 | ||
|---|---|---|---|
| 003 | AR-BaBNM | ||
| 005 | 20251128203035.0 | ||
| 008 | 196119s1958 ||||||||||||||000 | spa|| | ||
| 040 | _cAR-BaBNM | ||
| 100 | 1 | _aGal, Roger | |
| 245 | 1 | 0 | _aLa orientación escolar |
| 250 | _a2ª ed. | ||
| 260 |
_aBuenos Aires _bKapelusz _c1958 |
||
| 300 | 1 | _axii, 114 p. | |
| 490 | 0 |
_aBiblioteca de cultura pedagógica _vv. 7 |
|
| 500 | 0 | _aContiene referencias bibliográficas en notas a pie de página | |
| 650 | 4 | _aORIENTACION PROFESIONAL | |
| 650 | 4 | _aORIENTACION PEDAGOGICA | |
| 650 | 4 | _aPSICOLOGIA DE LA EDUCACION | |
| 650 | 4 | _aPSICOLOGIA DEL NINO | |
| 650 | 4 | _aTECNICAS DIDACTICAS | |
| 650 | 4 | _aEDUCACION DEL NINO | |
| 653 | 0 | _aORIENTACION VOCACIONAL | |
| 700 | 1 |
_aGuillén de Rezzano, Clotilde _eprologuista |
|
| 700 | 1 |
_aJouliá, Pierre _eprologuista |
|
| 800 | 1 |
_aGuillén de Rezzano, Clotilde _edirector |
|
| 942 | _cBK | ||
| 998 | _csilvi | ||
| 999 |
_c1626 _d1626 |
||